000 00747nam a22002777a 4500
005 20250728102300.0
008 230227b ||||| |||| 00| 0 eng d
040 _cAL
041 _aeng
082 _a580/15
_bSMIC
100 _aGilbert M Smith
_9220423
245 _aCryptogamic Botany
_b: Algae and Fungi Vol I Ed 2
250 _a2
260 _aNew York
_bMcGraw Hill Book Company
_c1955
300 _ax,546p
_bPB
_c21x15cm
365 _2Botany
440 _vVol 1
650 _aChlorophyta
_973448
650 _aEuglenophyta
_973449
650 _aPhaeophyta
_973450
650 _aRhodophyta
_973451
650 _aBasidiomycetae
_973452
650 _aDeuteromycetae
_973453
700 _aSmith, Gilbert M
_973409
942 _2ddc
_cBB
999 _c226826
_d226826